| 000 | 00000nam 2200000za 4500 |
| 001 | 9.696855 |
| 003 | CaOODSP |
| 005 | 20221107134519 |
| 007 | cr ||||||||||| |
| 008 | 150407s2000||||xxc|||||o f|0| 0 eng d |
| 040 | |aCaOODSP|beng |
| 043 | |an-cn--- |
| 086 | 1 |aH68-51/2000E-PDF |
| 245 | 00|aJustice and the poor |h[electronic resource] |
| 260 | |a[Ottawa] : |bNational Council of Welfare,|c2000. |
| 300 | |a160p.|bfigs., graphs, references, tables |
| 500 | |aThe catalogue number (H68-51/2000E) and ISBN (0-662-28784-3) for the print edition have been incorrectly copied in this electronic publication. |
| 500 | |aIssued also in French under title: La justice et les pauvres. |
| 590 | |a12-41-Supp|b2012-11-07 |
| 690 | 07|aDiscrimination|2gcpds |
| 690 | 07|aPoverty|2gcpds |
| 690 | 07|aJustice system|2gcpds |
| 690 | 07|aCourt decisions|2gcpds |
| 710 | 1 |aCanada.|bNational Council of Welfare. |
| 775 | 08|tLa justice et les pauvres |w(CaOODSP)9.640940 |
| 776 | 0#|tJustice and the poor |w(CaOODSP)9.647687 |
| 856 | 40|ahttp://publications.gc.ca|qPDF|s6.78 MB|uhttps://publications.gc.ca/collections/collection_2012/cnb-ncw/H68-51-2000-eng.pdf |